[Event "8th Vellmar Chess Days"]
[Site "chess24.com"]
[Date "2016.07.30"]
[Round "5"]
[White "Halt, David"]
[Black "Poelig, Juergen"]
[Result "0-1"]
[Board "9"]
[WhiteElo "2096"]
[WhiteCountry "GER"]
[WhiteFideId "24614602"]
[WhiteEloChange "-16"]
[BlackElo "1874"]
[BlackCountry "GER"]
[BlackFideId "24661686"]
[BlackEloChange "16"]

1. e4 {[%clk 1:30:30]} e6 {[%clk 1:29:52]} 2. d4 {[%clk 1:30:51]} d5 {[%clk
1:30:16]} 3. Nd2 {[%clk 1:31:11]} c5 {[%clk 1:30:22]} 4. exd5 {[%clk 1:31:15]}
exd5 {[%clk 1:30:40]} 5. Ngf3 {[%clk 1:20:31]} Nc6 {[%clk 1:29:10]} 6. dxc5
{[%clk 1:18:49]} Bxc5 {[%clk 1:29:26]} 7. Nb3 {[%clk 1:18:43]} Bb6 {[%clk
1:28:56]} 8. Be2 {[%clk 1:17:00]} Nge7 {[%clk 1:27:12]} 9. O-O {[%clk 1:16:03]}
O-O {[%clk 1:26:30]} 10. c3 {[%clk 1:14:50]} Ng6 {[%clk 1:17:01]} 11. Nfd4 {[%clk
1:12:36]} Nce7 {[%clk 1:11:36]} 12. Be3 {[%clk 1:11:13]} a6 {[%clk 1:08:27]} 13.
f4 {[%clk 1:02:34]} Qd6 {[%clk 1:03:55]} 14. Qd2 {[%clk 1:02:01]} Bc7 {[%clk
0:58:15]} 15. Rad1 {[%clk 1:00:36]} Rd8 {[%clk 0:55:17]} 16. Kh1 {[%clk 0:58:51]}
Nf5 {[%clk 0:44:58]} 17. Nxf5 {[%clk 0:58:32]} Bxf5 {[%clk 0:39:35]} 18. Nc5
{[%clk 0:50:41]} Rab8 {[%clk 0:35:47]} 19. b4 {[%clk 0:46:34]} b5 {[%clk
0:34:10]} 20. Bf3 {[%clk 0:38:12]} Be6 {[%clk 0:29:54]} 21. g3 {[%clk 0:38:17]}
Ne7 {[%clk 0:27:42]} 22. Rfe1 {[%clk 0:37:59]} Nf5 {[%clk 0:27:07]} 23. Bf2
{[%clk 0:37:01]} g6 {[%clk 0:22:34]} 24. Re2 {[%clk 0:28:02]} h5 {[%clk 0:21:14]}
25. Qd3 {[%clk 0:27:18]} h4 {[%clk 0:17:55]} 26. Red2 {[%clk 0:24:54]} hxg3
{[%clk 0:17:35]} 27. hxg3 {[%clk 0:25:11]} Qf8 {[%clk 0:13:37]} 28. Nxa6 {[%clk
0:23:08]} Qh6+ {[%clk 0:10:58]} 29. Kg1 {[%clk 0:23:12]} Rbc8 {[%clk 0:10:19]}
30. Nxc7 {[%clk 0:22:40]} Rxc7 {[%clk 0:10:33]} 31. Bb6 {[%clk 0:22:02]} Rcd7
{[%clk 0:06:38]} 32. Bxd8 {[%clk 0:20:33]} Rxd8 {[%clk 0:06:59]} 33. Rh2 {[%clk
0:17:38]} Qg7 {[%clk 0:06:53]} 34. g4 {[%clk 0:17:27]} Nh6 {[%clk 0:06:10]} 35.
Rg2 {[%clk 0:17:28]} Rc8 {[%clk 0:05:43]} 36. Rc1 {[%clk 0:17:27]} d4 {[%clk
0:03:16]} 37. f5 {[%clk 0:14:52]} Bd7 {[%clk 0:02:23]} 38. c4 {[%clk 0:13:21]}
Re8 {[%clk 0:00:54]} 39. Be4 {[%clk 0:09:14]} bxc4 {[%clk 0:01:06]} 40. Rxc4
{[%clk 0:05:42]} Bb5 {[%clk 0:00:55]} 41. Qxd4 {[%clk 0:05:54]} Bxc4 {[%clk
0:23:40]} 42. f6 {[%clk 0:35:54]} Qf8 {[%clk 0:21:03]} 43. Qxc4 {[%clk 0:35:52]}
Qd6 {[%clk 0:20:02]} 44. Bd3 {[%clk 0:19:21]} Qxf6 {[%clk 0:16:10]} 45. Rf2
{[%clk 0:16:27]} Qg5 {[%clk 0:11:00]} 46. a4 {[%clk 0:12:48]} Re3 {[%clk
0:07:27]} 47. Be2 {[%clk 0:06:16]} Rg3+ {[%clk 0:05:08]} 48. Kf1 {[%clk 0:06:26]}
Nf5 {[%clk 0:01:53]} 49. Qc5 {[%clk 0:01:15]} Ne3+ {[%clk 0:01:01]} 50. Ke1
{[%clk 0:01:40]} Qh4 {[%clk 0:00:34]} 51. Qc6 {[%clk 0:01:32]} Rg1+ {[%clk
0:00:45]} 52. Kd2 {[%clk 0:01:55]} Qxf2 {[%clk 0:01:06]} 53. Qe8+ {[%clk
0:02:16]} Kh7 {[%clk 0:01:08]} 54. Qxe3 {[%clk 0:02:35]} Rd1+ {[%clk 0:01:20]}
0-1

[Event "8th Vellmar Chess Days"]
[Site "chess24.com"]
[Date "2016.07.30"]
[Round "5"]
[White "Rueberg, Jobst"]
[Black "Hufendiek, Ekkehard"]
[Result "1-0"]
[Board "10"]
[WhiteElo "2123"]
[WhiteTitle "FM"]
[WhiteCountry "GER"]
[WhiteFideId "4677501"]
[WhiteEloChange "5"]
[BlackElo "1914"]
[BlackCountry "GER"]
[BlackFideId "4650190"]
[BlackEloChange "-5"]

1. e4 {[%clk 1:30:53]} e5 {[%clk 1:30:51]} 2. Nf3 {[%clk 1:31:04]} Nc6 {[%clk
1:31:14]} 3. Bc4 {[%clk 1:31:14]} Nf6 {[%clk 1:31:21]} 4. d3 {[%clk 1:30:49]} Be7
{[%clk 1:31:35]} 5. c3 {[%clk 1:30:40]} O-O {[%clk 1:31:22]} 6. Bb3 {[%clk
1:29:28]} d6 {[%clk 1:29:39]} 7. Nbd2 {[%clk 1:29:18]} h6 {[%clk 1:25:07]} 8. Nc4
{[%clk 1:26:47]} b5 {[%clk 1:14:09]} 9. Ne3 {[%clk 1:26:13]} Na5 {[%clk 1:13:39]}
10. Bc2 {[%clk 1:25:30]} Ng4 {[%clk 1:10:56]} 11. a4 {[%clk 1:16:39]} Nxe3 {[%clk
1:08:28]} 12. Bxe3 {[%clk 1:16:06]} c6 {[%clk 1:08:53]} 13. b4 {[%clk 1:14:56]}
Nb7 {[%clk 1:08:45]} 14. axb5 {[%clk 1:10:57]} cxb5 {[%clk 1:08:49]} 15. Bb3
{[%clk 1:00:56]} a5 {[%clk 1:05:22]} 16. bxa5 {[%clk 1:00:22]} Rxa5 {[%clk
1:03:42]} 17. O-O {[%clk 0:54:25]} Bg4 {[%clk 1:01:54]} 18. Rb1 {[%clk 0:46:45]}
Qd7 {[%clk 0:41:24]} 19. h3 {[%clk 0:44:05]} Bh5 {[%clk 0:40:58]} 20. g4 {[%clk
0:41:04]} Bg6 {[%clk 0:40:54]} 21. Bd5 {[%clk 0:40:28]} h5 {[%clk 0:34:43]} 22.
Nh2 {[%clk 0:39:12]} h4 {[%clk 0:27:49]} 23. Qd2 {[%clk 0:37:36]} Nc5 {[%clk
0:27:52]} 24. Nf3 {[%clk 0:36:32]} Ne6 {[%clk 0:20:50]} 25. c4 {[%clk 0:29:08]}
Ra3 {[%clk 0:16:28]} 26. Rxb5 {[%clk 0:28:55]} Rc8 {[%clk 0:13:24]} 27. Rd1
{[%clk 0:27:11]} Nc5 {[%clk 0:12:28]} 28. Bxc5 {[%clk 0:17:04]} dxc5 {[%clk
0:10:41]} 29. Nxe5 {[%clk 0:16:44]} Qd6 {[%clk 0:10:31]} 30. Qf4 {[%clk 0:10:38]}
Kh7 {[%clk 0:07:24]} 31. Nxg6 {[%clk 0:09:20]} Qxg6 {[%clk 0:07:45]} 32. Bxf7
{[%clk 0:08:14]} Qf6 {[%clk 0:05:48]} 33. Qxf6 {[%clk 0:07:09]} Bxf6 {[%clk
0:05:43]} 34. Bd5 {[%clk 0:06:11]} Bd4 {[%clk 0:06:09]} 35. Rd2 {[%clk 0:06:10]}
Rf8 {[%clk 0:04:48]} 36. Kg2 {[%clk 0:06:27]} Rf6 {[%clk 0:05:13]} 37. e5 {[%clk
0:05:41]} Rxd3 {[%clk 0:03:32]} 38. Be4+ {[%clk 0:05:43]} 1-0

[Event "8th Vellmar Chess Days"]
[Site "chess24.com"]
[Date "2016.07.30"]
[Round "5"]
[White "Krueger, Stefan"]
[Black "Wiege, Andre"]
[Result "1-0"]
[Board "11"]
[WhiteElo "1936"]
[WhiteCountry "GER"]
[WhiteFideId "12990418"]
[WhiteEloChange "14"]
[BlackElo "2085"]
[BlackCountry "GER"]
[BlackFideId "4699416"]
[BlackEloChange "-14"]

1. d4 {[%clk 1:30:51]} Nf6 {[%clk 1:30:34]} 2. c4 {[%clk 1:31:14]} e6 {[%clk
1:30:30]} 3. Nc3 {[%clk 1:30:54]} Bb4 {[%clk 1:29:54]} 4. e3 {[%clk 1:31:11]} O-O
{[%clk 1:29:13]} 5. Bd3 {[%clk 1:31:33]} d5 {[%clk 1:28:23]} 6. Nf3 {[%clk
1:31:48]} c5 {[%clk 1:21:52]} 7. O-O {[%clk 1:31:02]} cxd4 {[%clk 1:19:34]} 8.
exd4 {[%clk 1:31:20]} dxc4 {[%clk 1:17:43]} 9. Bxc4 {[%clk 1:31:38]} Nbd7 {[%clk
1:14:59]} 10. Qe2 {[%clk 1:26:52]} Nb6 {[%clk 1:11:05]} 11. Bd3 {[%clk 1:24:49]}
Nbd5 {[%clk 1:05:35]} 12. Bd2 {[%clk 1:23:44]} Be7 {[%clk 1:02:43]} 13. a3 {[%clk
1:19:22]} b6 {[%clk 1:00:29]} 14. Ne4 {[%clk 1:13:20]} Bb7 {[%clk 0:59:31]} 15.
Rfe1 {[%clk 1:02:24]} Rc8 {[%clk 0:54:14]} 16. Rad1 {[%clk 0:56:14]} Qc7 {[%clk
0:47:34]} 17. Ne5 {[%clk 0:41:55]} Nxe4 {[%clk 0:43:07]} 18. Qxe4 {[%clk
0:37:26]} Nf6 {[%clk 0:42:15]} 19. Qh4 {[%clk 0:35:32]} Ne4 {[%clk 0:34:50]} 20.
Qh3 {[%clk 0:35:36]} f5 {[%clk 0:34:43]} 21. Bf4 {[%clk 0:28:47]} Bg5 {[%clk
0:24:23]} 22. Bxg5 {[%clk 0:26:41]} Nxg5 {[%clk 0:24:50]} 23. Qh5 {[%clk
0:25:38]} Ne4 {[%clk 0:23:50]} 24. Bc4 {[%clk 0:19:35]} Qd6 {[%clk 0:19:33]} 25.
f3 {[%clk 0:18:35]} Nf6 {[%clk 0:12:03]} 26. Qxf5 {[%clk 0:17:17]} Nd5 {[%clk
0:11:51]} 27. Qd3 {[%clk 0:13:56]} Rf6 {[%clk 0:10:17]} 28. Bb3 {[%clk 0:11:34]}
Nf4 {[%clk 0:09:43]} 29. Qe3 {[%clk 0:11:17]} Nd5 {[%clk 0:08:36]} 30. Qd2 {[%clk
0:11:08]} Rcf8 {[%clk 0:07:04]} 31. Rc1 {[%clk 0:09:53]} Rd8 {[%clk 0:04:27]} 32.
Rcd1 {[%clk 0:08:03]} Nf4 {[%clk 0:02:56]} 33. Bc2 {[%clk 0:08:05]} Rc8 {[%clk
0:02:44]} 34. Bb1 {[%clk 0:06:39]} Ba6 {[%clk 0:02:45]} 35. Qe3 {[%clk 0:03:39]}
Re8 {[%clk 0:02:02]} 36. Qe4 {[%clk 0:03:06]} g6 {[%clk 0:02:06]} 37. Ng4 {[%clk
0:02:58]} Rff8 {[%clk 0:02:05]} 38. Qe5 {[%clk 0:02:48]} Qxe5 {[%clk 0:01:44]}
39. dxe5 {[%clk 0:02:30]} Nd5 {[%clk 0:01:31]} 40. Nf2 {[%clk 0:01:15]} Rd8
{[%clk 0:01:00]} 41. Ne4 Kg7 {[%clk 0:25:29]} 42. Nd6 {[%clk 0:32:00]} g5 {[%clk
0:22:58]} 43. Ba2 {[%clk 0:31:38]} Nf4 {[%clk 0:21:39]} 44. Re3 {[%clk 0:27:51]}
g4 {[%clk 0:17:04]} 45. b4 {[%clk 0:21:47]} Be2 {[%clk 0:13:42]} 46. Rd2 {[%clk
0:21:37]} gxf3 {[%clk 0:13:03]} 47. Kf2 {[%clk 0:18:11]} Nxg2 {[%clk 0:10:35]}
48. Rdxe2 {[%clk 0:17:57]} fxe2+ {[%clk 0:06:13]} 49. Kxg2 {[%clk 0:18:07]} Rf4
{[%clk 0:05:55]} 50. Bxe6 {[%clk 0:15:51]} Rdf8 {[%clk 0:04:46]} 51. Rxe2 {[%clk
0:16:04]} Rf1 {[%clk 0:04:42]} 52. Bc4 {[%clk 0:14:32]} Kh6 {[%clk 0:03:09]} 53.
e6 {[%clk 0:13:36]} 1-0

[Event "8th Vellmar Chess Days"]
[Site "chess24.com"]
[Date "2016.07.30"]
[Round "5"]
[White "Boos, Markus"]
[Black "Henkemeier, Michael"]
[Result "1-0"]
[Board "13"]
[WhiteElo "2176"]
[WhiteCountry "GER"]
[WhiteFideId "4678656"]
[WhiteEloChange "4"]
[BlackElo "1942"]
[BlackCountry "GER"]
[BlackFideId "24611379"]
[BlackEloChange "-4"]

1. Nf3 {[%clk 1:30:57]} Nf6 {[%clk 1:30:37]} 2. c4 {[%clk 1:31:15]} c6 {[%clk
1:30:22]} 3. b3 {[%clk 1:31:17]} d5 {[%clk 1:29:05]} 4. Bb2 {[%clk 1:31:32]} Bf5
{[%clk 1:28:35]} 5. e3 {[%clk 1:29:35]} e6 {[%clk 1:26:07]} 6. Be2 {[%clk
1:27:52]} Be7 {[%clk 1:26:18]} 7. Ne5 {[%clk 1:24:30]} h6 {[%clk 1:19:47]} 8. O-O
{[%clk 1:22:53]} O-O {[%clk 1:18:38]} 9. f4 {[%clk 1:18:39]} Nbd7 {[%clk
1:13:56]} 10. g4 {[%clk 1:17:32]} Bh7 {[%clk 1:13:59]} 11. d4 {[%clk 1:13:45]}
Ne4 {[%clk 1:10:15]} 12. Nxd7 {[%clk 1:09:15]} Qxd7 {[%clk 1:09:51]} 13. Nd2
{[%clk 1:07:45]} Nxd2 {[%clk 1:05:50]} 14. Qxd2 {[%clk 1:07:59]} Be4 {[%clk
0:59:47]} 15. h3 {[%clk 1:03:40]} Bf6 {[%clk 0:53:43]} 16. Rad1 {[%clk 1:01:24]}
Rfd8 {[%clk 0:50:23]} 17. Bc3 {[%clk 0:56:58]} Rac8 {[%clk 0:49:44]} 18. c5
{[%clk 0:49:34]} g6 {[%clk 0:39:30]} 19. Ba5 {[%clk 0:46:46]} Re8 {[%clk
0:38:41]} 20. Bd3 {[%clk 0:44:40]} Bxd3 {[%clk 0:33:55]} 21. Qxd3 {[%clk
0:45:08]} Kg7 {[%clk 0:34:11]} 22. Kg2 {[%clk 0:40:02]} Bh4 {[%clk 0:34:03]} 23.
Be1 {[%clk 0:36:42]} Bd8 {[%clk 0:33:08]} 24. Rf3 {[%clk 0:30:13]} Bf6 {[%clk
0:29:39]} 25. Bg3 {[%clk 0:28:55]} Qe7 {[%clk 0:27:39]} 26. Rdf1 {[%clk 0:28:01]}
Bh4 {[%clk 0:27:01]} 27. f5 {[%clk 0:20:28]} exf5 {[%clk 0:23:44]} 28. gxf5
{[%clk 0:15:29]} Qe4 {[%clk 0:21:24]} 29. f6+ {[%clk 0:12:03]} Kh7 {[%clk
0:20:41]} 30. Qxe4 {[%clk 0:12:23]} Rxe4 {[%clk 0:20:36]} 31. Be5 {[%clk
0:08:14]} Bg5 {[%clk 0:19:20]} 32. Kf2 {[%clk 0:06:48]} Re8 {[%clk 0:19:28]} 33.
Ke2 {[%clk 0:07:03]} Re6 {[%clk 0:18:43]} 34. Kd3 {[%clk 0:06:57]} h5 {[%clk
0:18:23]} 35. Rg1 {[%clk 0:04:15]} Bh6 {[%clk 0:18:25]} 36. Rfg3 {[%clk 0:03:19]}
Re8 {[%clk 0:17:19]} 37. b4 {[%clk 0:02:41]} Re6 {[%clk 0:15:32]} 38. a4 {[%clk
0:01:51]} Bf8 {[%clk 0:14:56]} 39. Rf1 {[%clk 0:01:15]} Bh6 {[%clk 0:14:13]} 40.
Rfg1 {[%clk 0:01:31]} Bf8 {[%clk 0:13:23]} 41. Rf1 {[%clk 0:01:55]} Bh6 {[%clk
0:13:46]} 42. Rb1 {[%clk 0:21:26]} Bf8 {[%clk 0:25:10]} 43. Rb2 {[%clk 0:21:48]}
a6 {[%clk 0:21:54]} 44. Rf3 {[%clk 0:22:03]} g5 {[%clk 0:22:03]} 45. Rg3 {[%clk
0:18:16]} Kg6 {[%clk 0:21:45]} 46. Rbg2 {[%clk 0:17:37]} Bh6 {[%clk 0:21:52]} 47.
Rg1 {[%clk 0:17:12]} R6xe5 {[%clk 0:21:03]} 48. dxe5 {[%clk 0:16:53]} Kf5 {[%clk
0:19:16]} 49. Rb1 {[%clk 0:15:58]} Kxe5 {[%clk 0:18:19]} 50. b5 {[%clk 0:15:10]}
Rxa4 {[%clk 0:16:09]} 51. bxc6 {[%clk 0:15:27]} bxc6 {[%clk 0:16:34]} 52. Rb7
{[%clk 0:14:20]} h4 {[%clk 0:14:38]} 53. Rf3 {[%clk 0:14:27]} Ra3+ {[%clk
0:14:29]} 54. Ke2 {[%clk 0:13:13]} Bf8 {[%clk 0:14:33]} 55. Re7+ {[%clk 0:12:42]}
1-0

[Event "8th Vellmar Chess Days"]
[Site "chess24.com"]
[Date "2016.07.30"]
[Round "5"]
[White "Held, Carsten, Dr."]
[Black "Windelband, Jens"]
[Result "1/2-1/2"]
[Board "14"]
[WhiteElo "1989"]
[WhiteCountry "GER"]
[WhiteFideId "1271741"]
[WhiteEloChange "4"]
[BlackElo "2120"]
[BlackCountry "GER"]
[BlackFideId "4663845"]
[BlackEloChange "-4"]

1. Nf3 {[%clk 1:30:57]} d6 {[%clk 1:30:49]} 2. c4 {[%clk 1:31:22]} f5 {[%clk
1:31:11]} 3. g3 {[%clk 1:31:42]} Nf6 {[%clk 1:31:36]} 4. Bg2 {[%clk 1:32:06]} g6
{[%clk 1:31:56]} 5. Nc3 {[%clk 1:32:18]} Bg7 {[%clk 1:32:21]} 6. d3 {[%clk
1:32:39]} O-O {[%clk 1:32:08]} 7. Rb1 {[%clk 1:32:53]} Nh5 {[%clk 1:24:12]} 8.
O-O {[%clk 1:32:16]} f4 {[%clk 1:24:35]} 9. gxf4 {[%clk 1:16:50]} Nxf4 {[%clk
1:20:47]} 10. Bxf4 {[%clk 1:17:17]} Rxf4 {[%clk 1:21:06]} 11. Nd5 {[%clk
1:16:00]} Rf8 {[%clk 1:19:29]} 12. b4 {[%clk 1:06:58]} c6 {[%clk 1:03:11]} 13.
Ne3 {[%clk 1:06:38]} e5 {[%clk 1:02:56]} 14. Kh1 {[%clk 1:05:53]} g5 {[%clk
1:02:04]} 15. b5 {[%clk 0:57:00]} g4 {[%clk 1:01:33]} 16. Nd2 {[%clk 0:54:36]}
Qh4 {[%clk 0:47:27]} 17. Ne4 {[%clk 0:52:48]} Bh6 {[%clk 0:47:28]} 18. Ng3 {[%clk
0:51:44]} Be6 {[%clk 0:37:08]} 19. Qe1 {[%clk 0:47:17]} Bf4 {[%clk 0:35:13]} 20.
Rg1 {[%clk 0:46:08]} Rf6 {[%clk 0:31:34]} 21. Nef1 {[%clk 0:43:08]} Nd7 {[%clk
0:24:24]} 22. bxc6 {[%clk 0:32:17]} bxc6 {[%clk 0:24:47]} 23. Bxc6 {[%clk
0:32:40]} Raf8 {[%clk 0:24:57]} 24. Rg2 {[%clk 0:32:12]} Nc5 {[%clk 0:23:22]} 25.
Kg1 {[%clk 0:28:54]} Qg5 {[%clk 0:19:12]} 26. Ne4 {[%clk 0:25:16]} 1/2-1/2

[Event "8th Vellmar Chess Days"]
[Site "chess24.com"]
[Date "2016.07.30"]
[Round "5"]
[White "Langedijk, Ardjan"]
[Black "Kelm, Daniel"]
[Result "1-0"]
[Board "15"]
[WhiteElo "2101"]
[WhiteCountry "NED"]
[WhiteFideId "1004212"]
[WhiteEloChange "6"]
[BlackElo "1944"]
[BlackCountry "GER"]
[BlackFideId "12917095"]
[BlackEloChange "-6"]

1. Nf3 {[%clk 1:30:57]} d5 {[%clk 1:30:38]} 2. g3 {[%clk 1:30:27]} Nf6 {[%clk
1:30:44]} 3. Bg2 {[%clk 1:30:53]} e6 {[%clk 1:29:29]} 4. O-O {[%clk 1:29:18]} Be7
{[%clk 1:29:53]} 5. c4 {[%clk 1:28:59]} O-O {[%clk 1:30:08]} 6. d4 {[%clk
1:27:23]} dxc4 {[%clk 1:29:18]} 7. Qc2 {[%clk 1:24:46]} c5 {[%clk 1:20:29]} 8.
dxc5 {[%clk 1:12:10]} Qc7 {[%clk 1:17:37]} 9. Qxc4 {[%clk 1:07:13]} Qxc5 {[%clk
1:17:39]} 10. Qxc5 {[%clk 1:06:46]} Bxc5 {[%clk 1:18:05]} 11. Nc3 {[%clk
1:06:48]} Bd7 {[%clk 1:16:03]} 12. Ne5 {[%clk 1:03:56]} Bc6 {[%clk 1:16:01]} 13.
Nxc6 {[%clk 1:03:58]} Nxc6 {[%clk 1:16:26]} 14. Bg5 {[%clk 0:55:39]} Be7 {[%clk
1:04:33]} 15. Bxc6 {[%clk 0:49:37]} bxc6 {[%clk 1:04:57]} 16. Rfd1 {[%clk
0:47:48]} h6 {[%clk 0:59:58]} 17. Bxf6 {[%clk 0:38:01]} Bxf6 {[%clk 1:00:17]} 18.
Rac1 {[%clk 0:36:20]} Rfd8 {[%clk 0:59:50]} 19. Na4 {[%clk 0:33:52]} Rxd1+ {[%clk
0:58:05]} 20. Rxd1 {[%clk 0:34:21]} Rd8 {[%clk 0:57:39]} 21. Rxd8+ {[%clk
0:31:44]} Bxd8 {[%clk 0:58:01]} 22. Kg2 {[%clk 0:31:30]} Kf8 {[%clk 0:57:50]} 23.
Kf3 {[%clk 0:31:47]} Ke7 {[%clk 0:57:54]} 24. Ke4 {[%clk 0:32:01]} Kd6 {[%clk
0:57:37]} 25. e3 {[%clk 0:31:00]} Bf6 {[%clk 0:56:59]} 26. Kd3 {[%clk 0:29:56]}
h5 {[%clk 0:55:01]} 27. Nc3 {[%clk 0:28:34]} Be7 {[%clk 0:53:06]} 28. f4 {[%clk
0:16:47]} g6 {[%clk 0:47:03]} 29. Ne4+ {[%clk 0:12:04]} Kd5 {[%clk 0:46:09]} 30.
Nc3+ {[%clk 0:06:55]} Kd6 {[%clk 0:44:35]} 31. h3 {[%clk 0:07:00]} f5 {[%clk
0:43:36]} 32. e4 {[%clk 0:04:41]} h4 {[%clk 0:43:27]} 33. gxh4 {[%clk 0:03:27]}
Bxh4 {[%clk 0:43:39]} 34. Ne2 {[%clk 0:02:14]} a5 {[%clk 0:40:09]} 35. b3 {[%clk
0:01:22]} Bf2 {[%clk 0:39:25]} 36. Nd4 {[%clk 0:00:54]} Bg1 {[%clk 0:38:29]} 37.
e5+ {[%clk 0:00:52]} Kd5 {[%clk 0:38:06]} 38. Ne2 {[%clk 0:01:15]} Bf2 {[%clk
0:38:07]} 39. a3 {[%clk 0:01:04]} Bh4 {[%clk 0:36:18]} 40. Nc3+ {[%clk 0:00:51]}
Kc5 {[%clk 0:35:55]} 41. Na4+ {[%clk 0:30:43]} Kb5 {[%clk 1:05:57]} 42. Nb2
{[%clk 0:29:46]} Be7 {[%clk 1:04:06]} 43. Nc4 {[%clk 0:29:06]} Bc5 {[%clk
1:01:15]} 44. Nd6+ {[%clk 0:26:20]} Ka6 {[%clk 1:01:09]} 45. Nf7 {[%clk 0:16:28]}
Bxa3 {[%clk 0:55:51]} 46. Nh8 {[%clk 0:16:44]} g5 {[%clk 0:50:24]} 47. fxg5
{[%clk 0:16:52]} Kb5 {[%clk 0:41:59]} 48. h4 {[%clk 0:06:06]} Kb4 {[%clk
0:35:55]} 49. Kc2 {[%clk 0:06:01]} f4 {[%clk 0:35:06]} 50. Ng6 {[%clk 0:06:22]}
f3 {[%clk 0:35:10]} 51. Nf4 {[%clk 0:06:46]} Kc5 {[%clk 0:32:10]} 52. g6 {[%clk
0:04:56]} f2 {[%clk 0:32:22]} 53. Nd3+ {[%clk 0:05:15]} Kd4 {[%clk 0:31:37]} 54.
Nxf2 {[%clk 0:05:41]} Bf8 {[%clk 0:31:46]} 55. Ng4 {[%clk 0:05:34]} Ke4 {[%clk
0:31:31]} 56. Nf6+ {[%clk 0:04:50]} Kf5 {[%clk 0:31:14]} 57. h5 {[%clk 0:04:40]}
Bg7 {[%clk 0:29:10]} 58. Ne8 {[%clk 0:03:53]} Bxe5 {[%clk 0:28:20]} 59. g7 {[%clk
0:04:15]} Bxg7 {[%clk 0:28:38]} 60. Nxg7+ {[%clk 0:04:40]} Kf6 {[%clk 0:27:32]}
61. h6 {[%clk 0:04:50]} e5 {[%clk 0:27:45]} 62. Nf5 {[%clk 0:04:38]} Kg6 {[%clk
0:27:41]} 63. Kd3 {[%clk 0:04:34]} c5 {[%clk 0:28:01]} 64. Kc4 {[%clk 0:03:27]}
e4 {[%clk 0:28:05]} 65. Kd5 {[%clk 0:02:13]} Kh7 {[%clk 0:22:52]} 66. Kxc5 {[%clk
0:02:02]} 1-0

[Event "8th Vellmar Chess Days"]
[Site "chess24.com"]
[Date "2016.07.30"]
[Round "5"]
[White "Amrhein, Thorsten"]
[Black "Zahn, Richard"]
[Result "1/2-1/2"]
[Board "16"]
[WhiteElo "1976"]
[WhiteCountry "GER"]
[WhiteFideId "24655384"]
[WhiteEloChange "3"]
[BlackElo "2086"]
[BlackCountry "GER"]
[BlackFideId "4681690"]
[BlackEloChange "-3"]

1. e4 {[%clk 1:30:56]} e6 {[%clk 1:28:26]} 2. d4 {[%clk 1:31:03]} d5 {[%clk
1:28:50]} 3. Nc3 {[%clk 1:31:10]} Bb4 {[%clk 1:28:44]} 4. e5 {[%clk 1:31:11]} c5
{[%clk 1:29:08]} 5. Qg4 {[%clk 1:31:13]} Ne7 {[%clk 1:25:57]} 6. dxc5 {[%clk
1:31:04]} Nbc6 {[%clk 1:21:20]} 7. Bd2 {[%clk 1:30:56]} Qa5 {[%clk 1:06:13]} 8.
Nf3 {[%clk 1:28:44]} Bxc3 {[%clk 1:02:51]} 9. Bxc3 {[%clk 1:28:34]} Qxc5 {[%clk
1:02:52]} 10. Bd3 {[%clk 1:26:34]} Bd7 {[%clk 1:00:26]} 11. O-O {[%clk 1:24:34]}
O-O-O {[%clk 0:53:20]} 12. Bd4 {[%clk 1:16:53]} Nxd4 {[%clk 0:53:05]} 13. Qxd4
{[%clk 1:17:02]} Qxd4 {[%clk 0:53:15]} 1/2-1/2

[Event "8th Vellmar Chess Days"]
[Site "chess24.com"]
[Date "2016.07.30"]
[Round "5"]
[White "Wolffgang, Georg"]
[Black "Bub, Volker"]
[Result "1/2-1/2"]
[Board "17"]
[WhiteElo "1951"]
[WhiteCountry "GER"]
[WhiteFideId "12904554"]
[WhiteEloChange "3"]
[BlackElo "2063"]
[BlackCountry "GER"]
[BlackFideId "4618963"]
[BlackEloChange "-3"]

1. d4 {[%clk 1:30:50]} c5 {[%clk 1:26:56]} 2. d5 {[%clk 1:30:29]} d6 {[%clk
1:26:37]} 3. g3 {[%clk 1:30:02]} e5 {[%clk 1:20:39]} 4. Nc3 {[%clk 1:29:46]} g6
{[%clk 1:19:51]} 5. e4 {[%clk 1:30:08]} a6 {[%clk 1:20:05]} 6. a4 {[%clk
1:30:31]} Bg7 {[%clk 1:20:19]} 7. Bg2 {[%clk 1:30:05]} Ne7 {[%clk 1:20:14]} 8. h3
{[%clk 1:27:06]} O-O {[%clk 1:20:18]} 9. Nf3 {[%clk 1:27:32]} h6 {[%clk 1:19:11]}
10. a5 {[%clk 1:25:06]} Nd7 {[%clk 1:18:24]} 11. Nd2 {[%clk 1:24:25]} b5 {[%clk
1:15:16]} 12. axb6 {[%clk 1:24:47]} Nxb6 {[%clk 1:15:35]} 13. Qe2 {[%clk
1:24:54]} f5 {[%clk 1:14:40]} 14. O-O {[%clk 1:25:00]} f4 {[%clk 1:08:36]} 15. g4
{[%clk 1:25:13]} Bf6 {[%clk 1:06:16]} 16. Nf3 {[%clk 1:22:36]} Rf7 {[%clk
1:04:34]} 17. Bd2 {[%clk 1:20:37]} Rh7 {[%clk 1:04:09]} 18. Na4 {[%clk 1:20:27]}
Nxa4 {[%clk 1:01:51]} 19. Rxa4 {[%clk 1:20:56]} g5 {[%clk 1:02:05]} 20. Nh2
{[%clk 1:17:27]} Ng6 {[%clk 0:55:36]} 21. Rb1 {[%clk 1:15:41]} Nh4 {[%clk
0:55:30]} 22. Bf1 {[%clk 1:15:47]} Qe8 {[%clk 0:54:43]} 23. Ra3 {[%clk 1:15:50]}
Rb8 {[%clk 0:52:03]} 24. b4 {[%clk 1:14:58]} Bd8 {[%clk 0:47:20]} 25. Rab3 {[%clk
1:14:07]} cxb4 {[%clk 0:42:50]} 26. Bxb4 {[%clk 1:14:03]} Bc7 {[%clk 0:42:15]}
27. Ba3 {[%clk 1:13:49]} Rxb3 {[%clk 0:40:59]} 28. Rxb3 {[%clk 1:14:18]} Qa4
{[%clk 0:34:22]} 29. Qc4 {[%clk 1:13:10]} 1/2-1/2